000 00636nam a2200205Ia 4500
005 20250508151848.0
008 008 250505s9999 xx 000 0 eng d
037 _aTextual
040 _aFEDL
_beng
_cFEDL
041 _aeng
_2eng
084 _a155.5, NEW
_qFEDL
100 _aNewman Frances Burks
_9760181
245 0 _aAdolescent in soical groups : Studies in the obervation of personality
260 _aStanford, USA
_bStanford University Press
_c1946
300 _a93p.
546 _aApplied psychology monographs No. 9
650 _aChild Psychology
942 _cTEXL
_h155.5, NEW
999 _c1332569
_d1332569